Top 15 der betroffenen Covid-19-Länder - 22. Mai 2021 - Statistiken

Allgemein
  • Dieses Quiz wurde 20 mal gespielt
  • Das Durchschnittsergebnis liegt bei 16 aus 28
Antwortstatistiken
Insgesamt
Fälle
Tägliche
Erhöhung
Rate pro
Million
Land % Korrekt
16 047 439 71 283 Brasilien
100%
3 653 019 6419 Deutschland
100%
4 188 190 4717 Italien
100%
33 882 333 19 639 101 832 Vereinigte Staaten
100%
5 593 962 12 611 85 532 Frankreich
94%
26 528 846 243 777 Indien
94%
2 392 744 2604 Mexiko
94%
4 992 554 8709 Russland
94%
3 636 453 4792 Spanien
94%
2 864 546 1517 Polen
88%
4 460 446 2694 Vereinigtes Königreich
76%
3 514 683 32 171 Argentinien
65%
94 522 Niederlande
59%
5 178 648 8697 Türkei
59%
89 786 Belgien
53%
104 216 Schweden
53%
154 527 Tschechien
53%
3 210 787 18 737 Kolumbien
47%
2 823 887 8005 Iran
41%
83 174 Ungarn
35%
86 643 Kroatien
29%
96 803 Estland
24%
100 578 Litauen
24%
120 975 Slowenien
24%
89 997 Israel
18%
85 435 Panama
12%
122 528 Bahrain
6%
84 583 Georgien
6%
Keine übereinstimmenden Quizze gefunden
Verteilung der Resultate
Anzahl Personen mit jedem Resultat
Perzentil nach korrekt beantworteten Fragen
Ihre Resultats-Entwicklung
Sie haben dieses Quiz noch nicht gespielt